LONDON (Record no. 53270)

MARC details
000 -LEADER
fixed length control field 00220nam a2200097Ia 4500
020 ## - INTERNATIONAL STANDARD BOOK NUMBER
International Standard Book Number <a href="9780746088494"">9780746088494"</a>
008 - FIXED-LENGTH DATA ELEMENTS--GENERAL INFORMATION
fixed length control field 210805s9999 xx 000 0 und d
100 ## - MAIN ENTRY--PERSONAL NAME
Personal name CLARKE CATRIONA
245 #0 - TITLE STATEMENT
Title LONDON
942 ## - ADDED ENTRY ELEMENTS
item type Books
Holdings
Withdrawn status Lost status Source of classification or shelving scheme Damaged status Not for loan Collection code Home library Current library Shelving location Date acquired Total Checkouts Full call number Barcode Date last seen Price effective from item type
    Dewey Decimal Classification     Fiction Middelburg Regional Library Thubelihle PL (MMID-PLEM-THUB) Children's Area 10.06.2026   EJF CLAR 3228200083071 10.06.2026 10.06.2026 Book